| 000 | 00609nam a2200193 i 4500 | ||
|---|---|---|---|
| 001 | 58491 | ||
| 003 | ES-MaACL | ||
| 005 | 20230906163823.0 | ||
| 007 | t| | ||
| 008 | 031022s1925 fr ||||1| fre d | ||
| 100 | 1 |
_aDwelshauvers, Georges. _946402 |
|
| 245 | 1 | 4 |
_aLes mécanismes subconscientes / _cpar Georges Dwelshauvers. |
| 260 |
_aParis : _bFélix Alcan, _c1925 ( _eEvreux : _fCh. Herissey) |
||
| 300 |
_a145 p. ; _c19 cm. |
||
| 490 | 1 | _aBibliothèque de philosophie contemporaine | |
| 830 | 0 |
_aBibliothèque de philosophie contemporaine _9181027 |
|
| 852 |
_aES-MaACL _jF-11929 |
||
| 999 |
_c58491 _d58491 |
||